01139nac a22002771i 4500003000900000005001700009008004100026020001500067040004300082082001700125100003300142245017900175264008800354300004300442336002600485337002800511338002700539504005100566650002000617650003000637655001700667700003500684942001200719999001500731952011500746EG-ScBUE20250323094737.0250309s1998 mr a f b 001 0 eng d a9981261920 aEG-ScBUEbengerdacEG-ScBUEdEG-ScBUE04a530bQUR2221 aQurashi, Mazhar M.,eauthor.10aMuslim contributions to pure and applied physics /cby Mazhar M. Qurashi, B.A. (Hons.), M.Sc., D.Sc., F.P.A.S., F.I.A.S., and Sadrul Hassan Rizvi, B.Sc. (Hons.), M.Sc., Ph.D. 1aRabat :bIslamic Educational, Scientific and Cultural Orgnization (ISESCO), c1998. ax, 135 pages :billustrations ;c31 cm 2rdacontentatextbtxt aunmediated2rdamediabn avolumebnc2rdacarrier aIncludes bibliographical references and index. 7aPhysics.2BUEsh 7aIslam and Science.2BUEsh vReading book1 aRizvi, Sadrul Hassan,eauthor. cBB2ddc c3471d3471 00102ddc40708BaccahaMAINbMAINc1STd2007-04-17eDonationl0o530 QURp000030243r2025-07-15 00:00:00yBB